• 首页
  • 本馆介绍
  • 公告通知
  • 最新文献
  • 馆藏检索
  • 电子资源
  • 读者导购
  • 参考咨询
  • 我的图书馆
  • 登录
  • 详细信息显示
  • 放入我的书架
  • 预约/预借图书
  • 作者相关作品
  • 分类相关作品
  • 丛书相关作品
  • 出版社相关作品

书目信息

  • 表格格式
  • 工作单格式
  • 卡片格式
题名:
房奴
    
 
作者: 涂名 著
分册:  
出版信息: 广东   中山大学出版社  2007
页数: 201页
开本: 21cm
丛书名: 社会热点关键词丛书
单 册:
中图分类: F299.233.1 , F992.331
科图分类:
主题词: 住宅 , 经济体制改革 , 住宅--经济体制改革--研究--中国 , 经济
电子资源:
ISBN: 978-7-306-02978-2
000 01074oam2 2200325 450
001 1258631765
005 20121004162030.84
010    @a978-7-306-02978-2@dCNY16.00
100    @a20080304d2007 em y0chiy50 ea
101 0  @achi
102    @aCN@b440000
105    @ay z 000yy
106    @ar
200 1  @a房奴@Afang nu@e中国房改真相@f涂名著
210    @a广东@c中山大学出版社@d2007
215    @a201页@d21cm
225 2  @a社会热点关键词丛书
308    @a丛书第一辑
330    @a本书着眼于中国自上个世纪80年代以来方兴未艾的住房改革,以福利分房、自建房、拆迁、圈地、房地产业高速发展等过程中的一系列典型案例为载体,为我们解密高房价背后鲜为人知的真相,揭示中国房地产市场的种种问题与内幕。
461  0 @1001003715405
517 1  @a中国房改真相@Azhong guo fang gai zhen xiang
606 0  @a住宅
606 0  @a经济体制改革
606 0  @a住宅@x经济体制改革@x研究@y中国
606 0  @a经济
690    @aF299.233.1@v4
690    @aF992.331@v4
701  0 @a涂名@Atu ming@4著
801  0 @aCN@b110019@c20071220
905    @a10447@dF992.331@eJY157
    
    房奴:中国房改真相/涂名著 .-广东:中山大学出版社,2007
    201页;21cm .-(社会热点关键词丛书 )
    
    
    ISBN 978-7-306-02978-2:CNY16.00
    本书着眼于中国自上个世纪80年代以来方兴未艾的住房改革,以福利分房、自建房、拆迁、圈地、房地产业高速发展等过程中的一系列典型案例为载体,为我们解密高房价背后鲜为人知的真相,揭示中国房地产市场的种种问题与内幕。
●
相关链接 在E读中查询图书 在五车中查询图书 在当当中查询图书 在豆瓣中查询图书


正题名:房奴     索取号:F992.331/JY157         预约/预借

序号 登录号 条形码 馆藏地/架位号 状态 备注
1 7813825   278138258   学院路分馆/ [索取号:F992.331/JY157] 在馆    
2 7813826   278138267   学院路分馆/ [索取号:F992.331/JY157] 在馆    
3 7813827   278138276   学院路分馆/ [索取号:F992.331/JY157] 在馆    
4 7813828   278138285   学院路分馆/ [索取号:F992.331/JY157] 在馆    
唐山师范学院图书馆 欢迎您!
大连网信软件有限公司© 版权所有